Tilastot visalle Vuoden sykähdyttävin urheiluhetki 2007-2023

Klikkaa tästä pelataksesi tätä visaa!

Yleistilastot

  • Tätä visaa on pelattu 31 kertaa
  • Keskiarvotulos 14 / 17

Vastaustilastot

% Oikein
2018Iivo Niskasen_____ olympiakulta 50 km hiihdossa
92%
2014Iivo Niskasen ja Sami Jauhojärven_____ ja _____ olympiakulta
92%
2019jalkapalloMiesten _____maajoukkueen pääsy EM-lopputurnaukseen
92%
2007Janne Ahonen_____ voitti Keski-Euroopan mäkiviikon
92%
2015Kaisa Mäkäräisen_____ ampumahiihdon MM-pronssi
92%
2022Wilma Murron_____ yleisurheilun EM-kulta
92%
2023Wilma Murron_____ yleisurheilun MM-pronssi
92%
2016Kasperi Kapasen_____ jatkoaikamaali jääkiekon nuorten MM-finaalissa
88%
2011Mikael Granlundin_____ ilmaveivi
88%
2021Huuhkajat_____ voittaa Tanskan maajoukkueen ottelussa, joka keskeytyi Christian Eriksenin sydämen pysähdyttyä kesken ottelun
81%
2009Aino-Kaisa Saarisen_____ voitti 10 km perinteisellä, sprinttikilpailussa sekä 4x5 km viestissä MM-kultaa Liberecissä
73%
2010Vimpelin VedonJere Dahlström ratkaisee lyönnillään _____ mestaruuden Superpesiksessä
69%
2012Leo-Pekka Tähden_____ 100 m ratakelauksen paralympiavoitto
65%
2017Mari Laukkasen_____ maailmancupkilpailun voitto surunauhassa valmentaja Asko Nuutisen muistolle
65%
2020Sami Välimäen_____ voitto golfin Euroopan kiertueen kilpailussa Omanissa
62%
2013Teemu Pukinjalkapalloilija _____ maali Espanjan verkkoon
62%
2008Tero TiitunSuomen salibandymaajoukkue voitti MM-kultaa _____ tekemällä voittomaalilla jatkoajalla
54%

Tulosjakauma

Persentiili vastausten määrän mukaan

Jokaisen tuloksen saaneiden osuus

Tuloshistoriasi

Et ole pelannut tätä visaa